000 01125nam a22003017a 4500
001 BR8401670
003 BR-BrBNA
005 20230928091911.0
007 ta
008 230509b bl.||||| |||| 00| 0 por d
040 _aBR-BrBNA
_bpor
_cBiblioteca Nacional de Agricultura
041 _a(Por)
072 _aH20
_b1822
_b4150
090 _ 1822 BR8401670
100 1 _aSalcedo, M.J.G. de
110 1 _aEscola Superior de Agricultura Luiz de Queiroz, Piracicaba, SP (Brasil)
_0Dissertacao (Mestre em Agronomia)
245 1 _aResistencia ao mosaico da melancia raca 1 e sua heranca em moranga Cucurbita maxima Duchesne [virus, variedade resistente]
246 1 _aResistance to watermelon mosaic virus, race 1, and its inheritance in winter squash Cucurbita maxima Duchesne [virus, resistant variety]
260 3 _aPiracicaba, SP (Brasil):
_c1984.
300 _a76 p.
500 _a19 tables; Summaries (Eng, Por); Bibliography p. 66-73 (53 ref.)
650 _aABOBORA MENINA
650 _aMOSAICO
650 _aHIBRIDO
650 _aVARIEDADE RESISTENTE
909 _a202309
_bLucia
_c55
_dLucia Elande
942 _cBK
999 _c36108
_d36108